000 00366 a2200169 4500
001 68847
020 _a8532210066
040 _cAnchieta - Itaigara
100 _aPorto, Cristina
240 1 0 _aVira-Lata e Pá-Virada
_lpor
245 1 0 _aVira-Lata e Pá-Virada
300 _a24
362 0 _a1993
440 1 _aFTD
650 4 _aLiteratura infantil
942 _cBK
999 _c68847
_d68847